| 000 | 00515nam a22001457a 4500 | ||
|---|---|---|---|
| 999 |
_c523129 _d523129 |
||
| 008 | 230703b ||||| |||| 00| 0 eng d | ||
| 100 |
_aGupta, Alok Kumar _942127 |
||
| 245 | _aOn shaky ground | ||
| 260 | _aDown to Earth | ||
| 300 | _a32(1), May 16-31, 2023: p.34-36 | ||
| 520 | _aNearly half a million people living in and around the Jharia coalfield in Jharkhand have be shifted to control underground fires. – Reproduced | ||
| 773 | _aDown to Earth | ||
| 906 | _aDISASTER MANAGEMENT | ||
| 942 | _cAR | ||